000 00438nab a2200145Ia 4500
003 ES-SlBCS
005 20210601130447.0
008 140529s1955 xxu||||| |||| 00| 0 fre d
041 _afre
100 1 _aForest, Aimé
_956942
245 0 0 _aDe l'idéalisme au spiritualisme
_c Aimé Forest
650 0 4 _aIdealismo-Espiritualismo
_9173269
773 0 _tGiornali di Metafisica
_gvol. 10, nº. 3, 1955, págs. 432-439
_w0017-0372
942 _cAR
999 _c547063
_d547063